| 000 | 00790nam a22001817a 4500 | ||
|---|---|---|---|
| 999 |
_c54616 _d54616 |
||
| 008 | 190806b ||||| |||| 00| 0 eng d | ||
| 020 | _a9780281053544 | ||
| 050 |
_aBS2330.3 _b.C53 2009 |
||
| 100 | _a Chilton, Bruce. | ||
| 245 |
_aStarting New Testament study: _blearning and doing / _cBruce Chilton, Deirdre Good. |
||
| 260 |
_aLondon : _bSPCK, _c2009 |
||
| 300 |
_aix, 174 p. : _billus., maps ; _c22 cm |
||
| 500 | _a Includes bibliographical references and index. | ||
| 505 | _aDictionaries, translations, commentaries and websites -- Books of the New Testament. Jesus and his social worlds -- Paul and his letters -- The Gospels -- Catholic and apocalyptic writings. | ||
| 630 |
_eBible. New Testament _vIntroductions. |
||
| 700 | _aGood, Deirdre Joy. | ||
| 942 |
_2lcc _cBK |
||